000 00407nam a22001697a 4500
003 MPLRDC
005 20220104124318.0
008 210129b ||||| |||| 00| 0 eng d
082 _a538 ZYCB
100 _a不详
245 _a中国民俗辞典
_c
260 _a
_b智扬出版社
_c1990
300 _b
490 _a中国民俗丛书
650 _a民俗学; 各国风俗
942 _cBK
_o538 ZYCB
999 _c18327
_d18317